LIBRARY ONLINE CATALOGUE

Marketing communications : (Record no. 11943)

MARC details
000 -LEADER
fixed length control field 00620nam a22002052 4500
001 - CONTROL NUMBER
control field 0000004817
005 - DATE AND TIME OF LATEST TRANSACTION
control field 20151217155210.0
008 - FIXED-LENGTH DATA ELEMENTS--GENERAL INFORMATION
fixed length control field 070530s xx 000 0 eng d
020 ## - INTERNATIONAL STANDARD BOOK NUMBER
International Standard Book Number 8183185924 :
Terms of availability KES 1,335
040 ## - CATALOGING SOURCE
Original cataloging agency KABU
Transcribing agency KABU
050 #0 - LIBRARY OF CONGRESS CALL NUMBER
Classification number HF5415.123
Item number .K86 2001
100 1# - MAIN ENTRY--PERSONAL NAME
Personal name Kumar, Niraj.
-- 0000155649
245 10 - TITLE STATEMENT
Title Marketing communications :
Remainder of title theory and practice.
260 ## - PUBLICATION, DISTRIBUTION, ETC. (IMPRINT)
Place of publication, distribution, etc. Mumbai :
Name of publisher, distributor, etc. Himalaya Publishing House,
Date of publication, distribution, etc. 2001.
300 ## - PHYSICAL DESCRIPTION
Extent 560 p.
650 #0 - SUBJECT ADDED ENTRY--TOPICAL TERM
Topical term or geographic name as entry element Communication in marketing.
-- 0000151439
908 ## - PUT COMMAND PARAMETER (RLIN)
Put command parameter 070530
950 ## - LOCAL HOLDINGS (RLIN)
-- 1
Holdings
Withdrawn status Lost status Source of classification or shelving scheme Not for loan Home library Current library Date acquired Total Checkouts Full call number Barcode Date last seen Price effective from Koha item type
    Library of Congress Classification   Kabarak, Main Campus Kabarak, Main Campus 17/12/2015   HF5415.123 .K86 2001 003739 26/09/2019 17/12/2015 General Collection